000 00868nam a22002897a 4500
003 CHAP
005 20220329135138.0
008 971013s1961 r 00010 d
010 _a31649
011 _a32621
035 _a36736
040 _cCHAP
082 _a551.59
_bC75
100 0 0 _aCritchfield, Howard J.
_928999
245 _aGeneral climatology
260 _aEnglewood Cliffs, N.J. :
_bPrentice Hall,
_c1961
300 _a465 p.
_b: ilus.
590 _aBATCH-UPD
_b10
_c20130109
_lUCH01
_h2309
590 _aBATCH-UPD
_b10
_c20130110
_lUCH01
_h1351
590 _aBATCH-UPD
_b10
_c20130410
_lUCH01
_h0847
590 _aBATCH-UPD
_b10
_c20130914
_lUCH01
_h0949
590 _aCONVERSION
_b10
_c20130109
_lUCH01
_h1318
650 1 4 _aClimatologĂ­a.
_923864
901 _aBK
942 _cLIBRO
949 _a551.59 C75
_bBC
_cLIBRO
_d-84534
_eLIBRO
_h7823
_i36736
_si
_t107.00
999 _c31649
_d31649